000 00642nas a2200229 4500
001 BR2011001895
003 BR-BrBNA
005 20231205114920.0
007 ta
008 230509b bl.|||p| |||| 00| 00por d
040 _aBR-BrBNA
_bpor
_cBiblioteca Nacional de Agricultura
041 _a(Pt)
072 _aE10
100 1 _aAnon.
245 1 _aEconomia; ainda a política monetária
650 _aPOLÍTICA MONETÁRIA
650 _aINFLAÇÃO
650 _aCRÉDITO
773 0 _tAgroanalysis (Brazil)
_xISSN 0100-4298
_g(Feb 2011), V. 31(2) p. 25
_wBR2011001895
909 _a202311
_bLúcia
_c55
_dLúcia Elande
942 _2AGRIS
_n0
_cANA
999 _c211191
_d211191